| 000 | 00866nam a22002657a 4500 | ||
|---|---|---|---|
| 005 | 20170124105925.0 | ||
| 010 | _aA-226912 | ||
| 020 | _c00.00 | ||
| 035 | _aA-226912 | ||
| 037 | _bCen Lib/Ret | ||
| 040 |
_aDPL _bEN |
||
| 082 |
_a025.3 _bVIS |
||
| 100 |
_aViswanathan, C. G. _973956 |
||
| 245 |
_aCataloguing : _cby C. G. Viswanathan _btheory and practice / |
||
| 250 | _arev. enl. 5th ed | ||
| 260 |
_aU.P. _bPrint House _c1983 |
||
| 270 |
_a5, Tej Bahadur Sapru Marg _bLucknow, U. P. |
||
| 300 |
_axxi,444p. _c21cm(Hb) |
||
| 500 | _aIncludes index | ||
| 650 |
_aLibrary science _973957 |
||
| 650 |
_aTechnical services (Libraries) _96143 |
||
| 650 |
_a पुस्तकालय विज्ञान _973958 |
||
| 650 |
_aतकनीकी सेवाएं (पुस्तकालय) _96145 |
||
| 942 |
_2ddc _cEN _h025.3 _mVIS |
||
| 999 |
_c123445 _d123445 |
||